00543nam a2200193 i 4500001001100000003000500011005001700016008004100033040002500074082001500099245002600114264005500140300003100195336002100226337002500247338002300272650002000295700003400315C2-0221135PPAK20180728150806.0991016s1981 my |||| ||||| | may d aPPAKbengcPPAKerda04a398.2222300aHikayat Sempurna Jaya 1aKuala Lumpur : bDewan Bahasa dan Pustaka , c1981 axxxvi, 145 pages ; c21 cm 2rdacontentatext 2rdamediaaunmediated 2rdacarrieravolume10aFolk literature0 aJamilah Haji Ahmad, ecompile